=LDR 00000nam 2200000 4500 =001 INLIS000000000056389 =005 20200901090033 =035 ##$$a 0010-0920000020 =007 ta =008 200901###########################0#eng## =020 ##$$a 0646 45912 0 =082 ##$$a 307.720 994 =084 ##$$a 307.720 994 Car o =245 1#$$a Ordinaty People Extraordinary Lives /$c Margaret Carrol =300 ##$$a 205 Halaman : $b Ilustrasi ; $c 24 Cm. =650 #4$$a Masyarakat Desa Australia =264 ##$$a Sydney :$b The National Council for the Centenary of Federation,$c 1996 =336 ##$$a teks$2 rdacontent =337 ##$$a lain-lain$2 rdamedia =338 ##$$a lain-lain$2 rdacarrier =990 ##$$a 31333133